The civil service of Malaysia : towards efficiency and effectiveness
| Main Author: | |
|---|---|
| Format: | Book |
| Subjects: |
MARC
| LEADER | 00000cam a2200000 7i4500 | ||
|---|---|---|---|
| 001 | 0000002482 | ||
| 005 | 20210104.0 | ||
| 040 | |a INS | ||
| 090 | 0 | 0 | |a RJQ716.Z1 |b A213 1995 |
| 100 | 1 | |a Ahmad Sarji Abdul Hamid | |
| 245 | 1 | 4 | |a The civil service of Malaysia : |b towards efficiency and effectiveness |c Ahmad Sarji Abdul Hamid |
| 650 | 0 | 0 | |a Civil service |z Malaysia |
| 999 | |a 0000006687 |b BOOK |c Reference |e Default branch | ||